Tellus. Series A, Dynamic meteorology and oceanography
| Autores Corporativos: | , |
|---|---|
| Formato: | Electrónico Revista |
| Lenguaje: | inglés |
| Publicado: |
[Copenhagen] :
Blackwell Munksgaard
Oxford : Blackwell [Abingdon] : Informa UK Limited, trading as Taylor & Francis Group |
| Materias: | |
| Acceso en línea: | Full text available from Research Library: 01/01/2013 to 12/31/2017 Full text available from Research Library: 01/01/2019 to present |
MARC
| LEADER | 00000nas a2200000 a 4500 | ||
|---|---|---|---|
| 001 | ssj0001963 | ||
| 003 | WaSeSS | ||
| 005 | 20200512172242.0 | ||
| 006 | m d | ||
| 007 | cr n | ||
| 008 | 020710c19839999enkax p s 0 a0eng c | ||
| 010 | |a 2004233680 | ||
| 022 | |a 1600-0870 |l 0280-6495 |y 0280-6495 | ||
| 030 | |a TSAOD8 | ||
| 035 | |a (WaSeSS)ssj0001963 | ||
| 037 | |b Munksgaard International Publishers, P.O. Box 2148, DK-1016 Copenhagen K, Denmark | ||
| 040 | |a INT |b eng |e pn |c INT |d OCLCQ |d GUA |d OCLCQ |d DGW |d F#A |d OCLCQ |d UQ1 |d UBY |d CIT |d OCLCQ |d CLU |d CCO |d OCLCQ |d CUS |d OCLCQ |d OCLCO |d OCLCQ |d EUW |d OCLCF |d OCLCO |d OCLCQ |d WT2 |d OCLCQ |d AU@ |d VT2 |d OCLCQ |d U3W |d NJT |d OCLCQ |d DLC |d WaSeSS | ||
| 042 | |a pcc | ||
| 050 | 0 | 0 | |a QC880 |
| 082 | 0 | 4 | |a 551.5 |
| 130 | 0 | |a Tellus. |n Series A, |p Dynamic meteorology and oceanography (Online) | |
| 210 | 0 | |a Tellus, Ser. A, Dyn. meteorol. oceanogr. |b (Online) | |
| 222 | 0 | |a Tellus. Series A, Dynamic meteorology and oceanography |b (Online) | |
| 245 | 1 | 0 | |a Tellus. |n Series A, |p Dynamic meteorology and oceanography |h [electronic resource]. |
| 246 | 3 | 0 | |a Dynamic meteorology and oceanography |
| 246 | 1 | |i Some providers have contents screen title: |a Tellus A | |
| 260 | |3 1983- : |a [Copenhagen] : |b Blackwell Munksgaard | ||
| 260 | 2 | |3 <2010-> : |a Oxford : |b Blackwell | |
| 260 | 3 | |3 <2017-> : |a [Abingdon] : |b Informa UK Limited, trading as Taylor & Francis Group | |
| 310 | |a One issue per year, |b 2012- | ||
| 321 | |a Five issues a year, |b -2011 | ||
| 362 | 1 | |a Print began with v. 35A, no. 1 (Jan. 1983). | |
| 506 | |a License restrictions may limit access. | ||
| 515 | |a Articles available as published and compiled in an annual volume. | ||
| 525 | |a Includes supplements. | ||
| 550 | |a Issued by: the Swedish Geophysical Society; and now the International Meteorological Institute in Stockholm, <2010> | ||
| 588 | 0 | |a Vol. 42, issue 1 (Jan. 1990); title from print version record. | |
| 588 | 1 | |a Vol. 72, issue 1 (2020) (Taylor & Francis website, viewed Apr. 28, 2020). | |
| 650 | 0 | |a Dynamic meteorology |v Periodicals. | |
| 650 | 0 | |a Oceanography |v Periodicals. | |
| 650 | 6 | |a Météorologie dynamique |v Périodiques. | |
| 650 | 6 | |a Océanographie |v Périodiques. | |
| 650 | 7 | |a Dynamic meteorology. |2 fast |0 (OCoLC)fst00900285 | |
| 650 | 7 | |a Oceanography. |2 fast |0 (OCoLC)fst01043671 | |
| 650 | 1 | 7 | |a Meteorologie. |2 gtt |
| 650 | 1 | 7 | |a Oceanografie. |2 gtt |
| 650 | 7 | |a Météorologie dynamique. |2 rasuqam | |
| 650 | 7 | |a Océanographie. |2 rasuqam | |
| 655 | 0 | |a Electronic journals. | |
| 710 | 2 | |a Svenska geofysiska föreningen. | |
| 710 | 2 | |a International Meteorological Institute in Stockholm. | |
| 776 | 0 | 8 | |i Print version: |t Tellus. Series A, Dynamic meteorology and oceanography |x 0280-6495 |w (DLC) 88647609 |w (OCoLC)9220257 |
| 850 | |a DLC | ||
| 856 | 4 | 0 | |z Full text available from Research Library: 01/01/2013 to 12/31/2017 |u https://search.proquest.com/publication/2030036 |
| 856 | 4 | 0 | |z Full text available from Research Library: 01/01/2019 to present |u https://search.proquest.com/publication/2030036 |